Проблемы социальной работы с молодежью: учебное пособие

Dades bibliogràfiques
Autor principal: Тюкульмина О. И. Ольга Ивановна
Autor corporatiu: Томский политехнический университет (ТПУ) Институт дистанционного образования (ИДО)
Sumari:В учебном пособии раскрыты основные аспекты социальной работы с молодежью; рассмотрены основные вопросы развития государственной молодежной политики и социальных служб по работе с молодежью; обозначены основные проблемы молодежи в сфере образования, науки, культуры, в сфере труда и занятости. Авторами использован ряд материалов, подготовленных на базе УМО вузов России в сфере социальной работы. Пособие подготовлено на кафедре философии, соответствует программе дисциплины и предназначено для студентов Института дистанционного образования по специальности 040101 «Социальная работа».
Idioma:rus
Publicat: Томск, Изд-во ТПУ, 2006
Matèries:
Format: Llibre
KOHA link:https://koha.lib.tpu.ru/cgi-bin/koha/opac-detail.pl?biblionumber=103242

MARC

LEADER 00000nam0a2200000 4500
001 103242
005 20231031113600.0
035 |a (RuTPU)RU\TPU\book\111313 
090 |a 103242 
100 |a 20061013d2006 m y0rusy50 ca 
101 0 |a rus 
102 |a RU 
105 |a y j 001zy 
200 1 |a Проблемы социальной работы с молодежью  |e учебное пособие  |f О. И. Тюкульмина  |g Томский политехнический университет; Институт дистанционного образования 
210 |a Томск  |c Изд-во ТПУ  |d 2006 
215 |a 152 с. 
320 |a Библиогр.: с. 151. 
330 |a В учебном пособии раскрыты основные аспекты социальной работы с молодежью; рассмотрены основные вопросы развития государственной молодежной политики и социальных служб по работе с молодежью; обозначены основные проблемы молодежи в сфере образования, науки, культуры, в сфере труда и занятости. Авторами использован ряд материалов, подготовленных на базе УМО вузов России в сфере социальной работы. Пособие подготовлено на кафедре философии, соответствует программе дисциплины и предназначено для студентов Института дистанционного образования по специальности 040101 «Социальная работа». 
610 1 |a экономика 
610 1 |a социальная работа 
610 1 |a молодежь 
610 1 |a социализация 
610 1 |a молодежная субкультура 
610 1 |a религиозность 
610 1 |a молодежная политика 
610 1 |a Российская Федерация 
610 1 |a учебные пособия 
686 |a У9(2)272я73  |v LBC/SL-A  |2 rubbk 
700 1 |a Тюкульмина  |b О. И.  |c философ  |c старший преподаватель Томского политехнического университета  |g Ольга Ивановна  |2 stltpush  |3 (RuTPU)RU\TPU\pers\24705 
712 0 2 |a Томский политехнический университет (ТПУ)  |b Институт дистанционного образования (ИДО)  |2 stltpush  |3 (RuTPU)RU\TPU\col\12625 
801 1 |a RU  |b 63413507  |c 20061013  |g PSBO 
801 2 |a RU  |b 63413507  |c 20210721  |g PSBO 
942 |c BK